MARC

LEADER 00000nam0a2200000 4500
001 105912
005 20231031114712.0
035 |a (RuTPU)RU\TPU\book\114284 
090 |a 105912 
100 |a 20061125d1983 m y0rusy50 ca 
101 0 |a rus 
102 |a RU 
105 |a a j 001zy 
200 1 |a Авиационное и радиоэлектронное оборудование летательных аппаратов  |e учебное пособие  |f В. В. Глухов, И. М. Синдеев, М. М. Шемаханов 
210 |a Москва  |c Транспорт  |d 1983 
215 |a 144 с.  |c ил. 
320 |a Библиогр.: с. 143 
610 1 |a летательные аппараты 
610 1 |a авиационное оборудование 
610 1 |a радиоэлектронное оборудование 
610 1 |a силовые установки 
610 1 |a приборы контроля 
610 1 |a учебные пособия 
675 |a 629.73.05:621.3(075.8)  |v 3 
700 1 |a Глухов  |b В. В.  |g Вячеслав Васильевич 
701 1 |a Синдеев  |b И. М.  |g Игорь Михайлович 
701 1 |a Шемаханов  |b М. М.  |g Михаил Михайлович 
801 1 |a RU  |b 63413507  |c 20061125  |g PSBO 
801 2 |a RU  |b 63413507  |c 20171018  |g PSBO 
942 |c BK